Responses for Show #3116 - Monday, March 2, 1998

1998 Celebrity Jeopardy! Ladies Night.

(Alex: Stay right where you are, because coming up next, a very special edition of Jeopardy!.)

Contestants

[<< previous game]

Teri Garr, an actress from Friends

Naomi Judd, a singer from The Judds

Jane Curtin, an actress from 3rd Rock from the Sun

[next game >>]

Jeopardy! Round responses

FASHIONABLE NAMES
PARTY TIME
ENDORSEMENTS
MUSICAL GEOGRAPHY
(Naomi: Wooo!)
THE HOLLYWOOD WALK OF FAME
(5,5)
(Alex: Each correct response consists of 2 words; each word has 5 letters.)
    $100 1
Ralph Lauren

Naomi
    $100 10
Mardi Gras

Teri
    $100 9
(Alex: Naomi, you knew that?)
(Naomi: I knew that.)
(Alex: Then why didn't you ring in?)
(Naomi: I don't know...it's the pressure, I'm blanking, I'm blanking, Alex!)

Elle Macpherson

Triple Stumper
    $100 2
"Blueberry Hill"

Teri
    $100 15
Grauman's/Mann's Chinese Theater

Naomi
    $200 3
Donna Karan

Jane
    $200 11
tailgate

Jane
    $200 22
Johnny Cash

Jane
    $200 6
(Naomi: What are parsley, sage, rosemary & thyme?)

"Scarborough Fair"

JaneNaomi
    $200 18
McDonald's

Teri
    $300 4
Tommy Hilfiger

Teri
    $300 12
shindig

Teri
    $300 23
John Madden

Jane
    $500 8
(Teri: What is Seattle?)

Beverly Hills (theme from Beverly Hills, 90210)

Teri
    $300 19
Vine Street

Teri
    $400 5
Gianni Versace

Naomi
    $400 13
the Andes

Jane
    $400 24
K-Mart

Teri
    $400 16
New York

Jane
    $400 20
Ronald Reagan

Jane
    $500 7
Calvin Klein

Teri
    $500 14
(Naomi: You're not a dumb blonde after all!)
(Teri: Really!)

Apres-ski

Teri
    $500 25
[buzzer sounds to end the round]

Absolut

Jane
    $500 17
(Jane: I don't know!)
...
(Alex: We have a minute to go. Select!)

the House of the Rising Sun

JaneTeri
    $500 21
(Naomi: Whoa... pressure's on now!)
[The time's-up signal sounds.]

John Lennon

NaomiTeri

Scores at the first commercial break (after clue 9):

Jane Naomi Teri
$400 $300 $400

Scores at the end of the Jeopardy! Round:

Jane Naomi Teri
$2,300 -$100 $3,200

Double Jeopardy! Round responses

CUTE ANIMALS
COMMUNICATION
GIRL TALK
FAST FOOD
ACTORS
ROLLS
    $200 7
(Teri: What are polar bears?)

seals

JaneTeri
    $200 1
call waiting

Teri
    $200 2
Mae West

Jane
    $200 20
Wendy's

Naomi
    $200 11
Clint Eastwood

Jane
    $200 26
if you get on fire

Naomi
    $400 8
(Jane: What is a [*]?)
(Alex: You have to ring in first!)
(Naomi: And you're not an ignorant slut after all... What is a [*]?)

chow

Naomi
    $400 9
press conference

Jane
    $400 3
(Alex: I qualify!)

Dorothy Parker

Jane
    $400 21
Colonel Sanders

Teri
    $400 14
(Teri: Who is Mark Wahlberg/Marky Mark?)

Mark Wahlberg

Teri
    $1,000 27
(Naomi: What is that darn barrel?)

the barrel

Naomi
    $600 10
koala bears

Teri
    $600 17
satellites

Naomi
    $600 4
(Teri: Who is Jane Goodall?)

Dian Fossey

JaneTeri
    $600 22
(Teri: What is McDonald's?)

Taco Bell

NaomiTeri
    $1,500 15
(Teri: Who is Pamela Lee?)

David Hasselhoff

Teri
    $800 12
(Naomi: What is a hawk?)

deer

JaneNaomi
    $800 18
messages

Jane
    $800 5
Sheryl Crow

Jane
    $800 23
Burger King

Jane
    $800 16
Kim Basinger

Naomi
    $800 28
[buzzer sounds to end the round]

sushi

Teri
    $1000 13
squirrel

Teri
    $1000 24
(Jane: I'm going to say Karl Marx. Who is Karl Marx?)
(Naomi: Who is Solzhenitsyn?)
...
(Alex: We have about a minute left, ladies.)

Lenin

JaneNaomi
Triple Stumper
    $1000 6
(Naomi: Who is Meryl Streep?)

Shirley MacLaine

JaneNaomi
    $1000 25
(Teri: What is Buccaneer Bill's?)
(Naomi: What is Captain D's?)

Long John Silver's

JaneNaomiTeri
    $1000 19
Red Skelton

Naomi

Scores at the end of the Double Jeopardy! Round:

Jane Naomi Teri
$8,500 $900 $2,700
(lock game)

[wagering suggestions for these scores]

Final Jeopardy! Round responses

TV SITCOMS
(Jane: Thank you, Lord!)
(Alex: Jane, you were leading going into the round, so you're the winner; your charity gets $15,000!)
NaomiWhat the Bill Cosby Show!
$900
TeriWhat is "Seinfeld"!
$2,700
JaneWhat is Married With Children?
$8,500
Murphy Brown

Final scores:

Jane Naomi Teri
$0 $0 $0
Winner: $15,000 to the U.S. Committee for UNICEF 3rd place: $10,000 to the Naomi Judd Research Fund at the American Liver Foundation 2nd place: $10,000 to the AIDS Service Center of Pasadena, CA

Game dynamics:

Coryat scores:

Jane Naomi Teri
$8,500 $300 $4,700
21 R,
2 W
11 R
(including 1 DD),
6 W
17 R,
6 W
(including 2 DDs)

Combined Coryat: $13,500

[game clues] [game scores] [suggest correction]

Game tape date: Unknown
The J! Archive is created by fans, for fans. Scraping, republication, monetization, and malicious use prohibited; this site may use cookies and collect identifying information. See terms. The Jeopardy! game show and all elements thereof, including but not limited to copyright and trademark thereto, are the property of Jeopardy Productions, Inc. and are protected under law. This website is not affiliated with, sponsored by, or operated by Jeopardy Productions, Inc. Join the discussion at JBoard.tv.